000 00288nam a2200097Ia 4500
082 _a338.927 RAAT
245 0 _aBuilding capacity for sustainable living
100 _a Raath, S. P. Centurion [South Africa], 2006
_935463
942 _cBK
008 210816s9999 xx 000 0 und d
999 _c128714
_d128713